Indianapolis Colts Statistical Leaders since 2000 (NFL) - Statistics

General Stats
  • This quiz has been taken 15 times
  • The average score is 179 of 312
Answer Stats
Category Year Stat Answer % Correct
Receiving Yards 2000 1413 Marvin Harrison
100%
Receiving TDs 2000 14 Marvin Harrison
100%
Receptions 2000 102 Marvin Harrison
100%
Receiving Yards 2001 1524 Marvin Harrison
100%
Receiving TDs 2001 15 Marvin Harrison
100%
Receptions 2001 109 Marvin Harrison
100%
Receiving Yards 2002 1722 Marvin Harrison
100%
Receiving TDs 2002 11 Marvin Harrison
100%
Receptions 2002 143 Marvin Harrison
100%
Receiving Yards 2003 1272 Marvin Harrison
100%
Receiving TDs 2003 10 Marvin Harrison
100%
Receptions 2003 94 Marvin Harrison
100%
Receiving TDs 2004 15 Marvin Harrison
100%
Receptions 2004 86 Marvin Harrison
100%
Receiving Yards 2005 1146 Marvin Harrison
100%
Receiving TDs 2005 12 Marvin Harrison
100%
Receiving Yards 2006 1366 Marvin Harrison
100%
Receiving TDs 2006 12 Marvin Harrison
100%
Receptions 2006 95 Marvin Harrison
100%
Passing Yards 2000 4413 Peyton Manning
100%
Passing TDs 2000 33 Peyton Manning
100%
Interceptions Thrown 2000 15 Peyton Manning
100%
Passing Yards 2001 4131 Peyton Manning
100%
Passing TDs 2001 26 Peyton Manning
100%
Interceptions Thrown 2001 23 Peyton Manning
100%
Passing Yards 2002 4200 Peyton Manning
100%
Passing TDs 2002 27 Peyton Manning
100%
Interceptions Thrown 2002 19 Peyton Manning
100%
Passing Yards 2003 4267 Peyton Manning
100%
Passing TDs 2003 29 Peyton Manning
100%
Interceptions Thrown 2003 10 Peyton Manning
100%
Passing Yards 2004 4557 Peyton Manning
100%
Passing TDs 2004 49 Peyton Manning
100%
Interceptions Thrown 2004 10 Peyton Manning
100%
Passing Yards 2005 3747 Peyton Manning
100%
Passing TDs 2005 28 Peyton Manning
100%
Interceptions Thrown 2005 10 Peyton Manning
100%
Passing Yards 2006 4397 Peyton Manning
100%
Passing TDs 2006 31 Peyton Manning
100%
Interceptions Thrown 2006 9 Peyton Manning
100%
Passing Yards 2007 4040 Peyton Manning
100%
Passing TDs 2007 31 Peyton Manning
100%
Interceptions Thrown 2007 14 Peyton Manning
100%
Passing Yards 2008 4002 Peyton Manning
100%
Passing TDs 2008 27 Peyton Manning
100%
Interceptions Thrown 2008 12 Peyton Manning
100%
Passing Yards 2009 4500 Peyton Manning
100%
Passing TDs 2009 33 Peyton Manning
100%
Interceptions Thrown 2009 16 Peyton Manning
100%
Passing Yards 2010 4700 Peyton Manning
100%
Passing TDs 2010 33 Peyton Manning
100%
Interceptions Thrown 2010 17 Peyton Manning
100%
Passing Yards 2012 4374 Andrew Luck
90%
Passing TDs 2012 23 Andrew Luck
90%
Interceptions Thrown 2012 18 Andrew Luck
90%
Rushing TDs 2012 5 Andrew Luck
90%
Passing Yards 2013 3822 Andrew Luck
90%
Passing TDs 2013 23 Andrew Luck
90%
Interceptions Thrown 2013 9 Andrew Luck
90%
Passing Yards 2014 4761 Andrew Luck
90%
Passing TDs 2014 40 Andrew Luck
90%
Interceptions Thrown 2014 16 Andrew Luck
90%
Passing Yards 2015 1881 Andrew Luck
90%
Passing TDs 2015 15 Andrew Luck
90%
Interceptions Thrown 2015 12 Andrew Luck
90%
Passing Yards 2016 4240 Andrew Luck
90%
Passing TDs 2016 31 Andrew Luck
90%
Interceptions Thrown 2016 13 Andrew Luck
90%
Passing Yards 2018 4593 Andrew Luck
90%
Passing TDs 2018 39 Andrew Luck
90%
Interceptions Thrown 2018 15 Andrew Luck
90%
Passing Yards 2025 3101 Daniel Jones
90%
Passing TDs 2025 19 Daniel Jones
90%
Interceptions Thrown 2025 8 Daniel Jones
90%
Passing Yards 2020 4169 Philip Rivers
90%
Passing TDs 2020 24 Philip Rivers
90%
Interceptions Thrown 2020 11 Philip Rivers
90%
Receiving Yards 2004 1210 Reggie Wayne
90%
Receptions 2005 83 Reggie Wayne
90%
Receiving Yards 2007 1510 Reggie Wayne
90%
Receptions 2007 104 Reggie Wayne
90%
Receiving Yards 2008 1145 Reggie Wayne
90%
Receptions 2008 82 Reggie Wayne
90%
Receiving Yards 2009 1264 Reggie Wayne
90%
Receiving Yards 2010 1355 Reggie Wayne
90%
Receptions 2010 111 Reggie Wayne
90%
Receiving Yards 2011 960 Reggie Wayne
90%
Receptions 2011 75 Reggie Wayne
90%
Receiving Yards 2012 1355 Reggie Wayne
90%
Receptions 2012 106 Reggie Wayne
90%
Receiving TDs 2008 6 Tie
90%
Receiving TDs 2009 10 Tie
90%
Receptions 2009 100 Tie
90%
Rushing TDs 2014 3 Tie
90%
Receiving Yards 2024 824 Alec Pierce
80%
Receiving TDs 2024 7 Alec Pierce
80%
Receiving Yards 2025 1003 Alec Pierce
80%
Passing Yards 2024 1814 Anthony Richardson
80%
Interceptions Thrown 2024 12 Anthony Richardson
80%
Rushing Attempts 2020 232 Jonathan Taylor
80%
Rushing Yards 2020 1169 Jonathan Taylor
80%
Rushing TDs 2020 11 Jonathan Taylor
80%
Rushing Attempts 2021 332 Jonathan Taylor
80%
Rushing Yards 2021 1811 Jonathan Taylor
80%
Rushing TDs 2021 18 Jonathan Taylor
80%
Rushing Attempts 2022 192 Jonathan Taylor
80%
Rushing Yards 2022 861 Jonathan Taylor
80%
Rushing TDs 2022 4 Jonathan Taylor
80%
Rushing TDs 2023 7 Jonathan Taylor
80%
Rushing Attempts 2024 303 Jonathan Taylor
80%
Rushing Yards 2024 1431 Jonathan Taylor
80%
Rushing TDs 2024 11 Jonathan Taylor
80%
Rushing Attempts 2025 323 Jonathan Taylor
80%
Rushing Yards 2025 1585 Jonathan Taylor
80%
Rushing TDs 2025 18 Jonathan Taylor
80%
Rushing Attempts 2013 157 Trent Richardson
80%
Rushing Attempts 2014 159 Trent Richardson
80%
Rushing Yards 2014 519 Trent Richardson
80%
Rushing Attempts 2000 387 Edgerrin James
70%
Rushing Yards 2000 1709 Edgerrin James
70%
Rushing TDs 2000 13 Edgerrin James
70%
Rushing Attempts 2002 277 Edgerrin James
70%
Rushing Yards 2002 989 Edgerrin James
70%
Rushing Attempts 2003 310 Edgerrin James
70%
Rushing Yards 2003 1259 Edgerrin James
70%
Rushing TDs 2003 11 Edgerrin James
70%
Rushing Attempts 2004 334 Edgerrin James
70%
Rushing Yards 2004 1548 Edgerrin James
70%
Rushing TDs 2004 9 Edgerrin James
70%
Rushing Attempts 2005 360 Edgerrin James
70%
Rushing Yards 2005 1506 Edgerrin James
70%
Rushing TDs 2005 13 Edgerrin James
70%
Passing Yards 2017 3098 Jacoby Brissett
70%
Passing TDs 2017 13 Jacoby Brissett
70%
Interceptions Thrown 2017 7 Jacoby Brissett
70%
Rushing TDs 2017 4 Jacoby Brissett
70%
Passing Yards 2019 2942 Jacoby Brissett
70%
Passing TDs 2019 18 Jacoby Brissett
70%
Interceptions Thrown 2019 6 Jacoby Brissett
70%
Rushing TDs 2010 6 Javarris James
70%
Passing TDs 2024 12 Joe Flacco
70%
Passing Yards 2022 3057 Matt Ryan
70%
Passing TDs 2022 14 Matt Ryan
70%
Interceptions Thrown 2022 13 Matt Ryan
70%
Receiving Yards 2021 1082 Michael Pittman Jr.
70%
Receiving TDs 2021 6 Michael Pittman Jr.
70%
Receptions 2021 88 Michael Pittman Jr.
70%
Receiving Yards 2022 925 Michael Pittman Jr.
70%
Receiving TDs 2022 4 Michael Pittman Jr.
70%
Receptions 2022 99 Michael Pittman Jr.
70%
Receiving Yards 2023 1152 Michael Pittman Jr.
70%
Receiving TDs 2023 4 Michael Pittman Jr.
70%
Receptions 2023 109 Michael Pittman Jr.
70%
Receiving TDs 2025 7 Michael Pittman Jr.
70%
Receptions 2025 80 Michael Pittman Jr.
70%
Interceptions 2021 4 Tie
70%
Interceptions 2024 3 3-Way Tie
60%
Sacks 2020 9.5 DeForest Buckner
60%
Sacks 2021 7 DeForest Buckner
60%
Interceptions 2018 3 Kenny Moore
60%
Interceptions 2020 4 Kenny Moore
60%
Total Tackles 2018 163 Shaquille Leonard
60%
Interceptions 2019 5 Shaquille Leonard
60%
Total Tackles 2020 132 Shaquille Leonard
60%
Receiving TDs 2017 4 Tie
60%
Receiving TDs 2019 5 Tie
60%
Receiving TDs 2020 5 Tie
60%
Receiving TDs 2012 7 T.Y. Hilton
60%
Receiving Yards 2013 1083 T.Y. Hilton
60%
Receiving TDs 2013 5 T.Y. Hilton
60%
Receptions 2013 82 T.Y. Hilton
60%
Receiving Yards 2014 1345 T.Y. Hilton
60%
Receptions 2014 82 T.Y. Hilton
60%
Receiving Yards 2015 1124 T.Y. Hilton
60%
Receptions 2015 69 T.Y. Hilton
60%
Receiving Yards 2016 1448 T.Y. Hilton
60%
Receptions 2016 91 T.Y. Hilton
60%
Receiving Yards 2017 966 T.Y. Hilton
60%
Receiving Yards 2018 1270 T.Y. Hilton
60%
Receptions 2018 76 T.Y. Hilton
60%
Receptions 2019 45 T.Y. Hilton
60%
Receiving Yards 2020 762 T.Y. Hilton
60%
Passing Yards 2021 3563 Carson Wentz
50%
Passing TDs 2021 27 Carson Wentz
50%
Interceptions Thrown 2021 7 Carson Wentz
50%
Passing Yards 2023 3305 Gardner Minshew II
50%
Passing TDs 2023 15 Gardner Minshew II
50%
Interceptions Thrown 2023 9 Gardner Minshew II
50%
Total Tackles 2022 167 Zaire Franklin
50%
Total Tackles 2023 179 Zaire Franklin
50%
Total Tackles 2024 173 Zaire Franklin
50%
Total Tackles 2025 125 Zaire Franklin
50%
Receptions 2024 72 Josh Downs
40%
Rushing Attempts 2018 195 Marlon Mack
40%
Rushing Yards 2018 908 Marlon Mack
40%
Rushing TDs 2018 9 Marlon Mack
40%
Rushing Attempts 2019 247 Marlon Mack
40%
Rushing Yards 2019 1091 Marlon Mack
40%
Rushing TDs 2019 8 Marlon Mack
40%
Interceptions 2022 4 Rodney Thomas II
40%
Interceptions 2025 4 Camryn Bynum
30%
Passing Yards 2011 1541 Curtis Painter
30%
Interceptions Thrown 2011 9 Curtis Painter
30%
Receiving TDs 2007 11 Dallas Clark
30%
Rushing Attempts 2001 233 Dominic Rhodes
30%
Rushing Yards 2001 1104 Dominic Rhodes
30%
Rushing TDs 2001 9 Dominic Rhodes
30%
Rushing TDs 2008 6 Dominic Rhodes
30%
Rushing Attempts 2010 129 Donald Brown
30%
Rushing Yards 2010 497 Donald Brown
30%
Rushing Attempts 2011 134 Donald Brown
30%
Rushing Yards 2011 645 Donald Brown
30%
Rushing TDs 2011 5 Donald Brown
30%
Rushing Yards 2013 537 Donald Brown
30%
Rushing TDs 2013 6 Donald Brown
30%
Total Tackles 2014 138 D’Qwell Jackson
30%
Total Tackles 2015 150 D’Qwell Jackson
30%
Sacks 2002 13 Dwight Freeney
30%
Sacks 2003 11 Dwight Freeney
30%
Sacks 2004 16 Dwight Freeney
30%
Sacks 2009 13.5 Dwight Freeney
30%
Receiving TDs 2018 13 Eric Ebron
30%
Receptions 2017 80 Jack Doyle
30%
Interceptions 2023 4 Julian Blackmon
30%
Sacks 2024 8 Kwity Paye
30%
Sacks 2005 11.5 Robert Mathis
30%
Sacks 2006 9.5 Robert Mathis
30%
Sacks 2007 7 Robert Mathis
30%
Sacks 2008 11.5 Robert Mathis
30%
Sacks 2010 11 Robert Mathis
30%
Sacks 2011 9.5 Robert Mathis
30%
Sacks 2012 8 Robert Mathis
30%
Sacks 2013 19.5 Robert Mathis
30%
Passing TDs 2011 6 Tie
30%
Sacks 2015 7 Tie
30%
Interceptions 2009 4 Antoine Bethea
20%
Total Tackles 2010 106 Antoine Bethea
20%
Receiving TDs 2010 8 Austin Collie
20%
Receiving TDs 2015 6 Donte Moncrief
20%
Receiving TDs 2016 7 Donte Moncrief
20%
Rushing Attempts 2015 260 Frank Gore
20%
Rushing Yards 2015 967 Frank Gore
20%
Rushing TDs 2015 6 Frank Gore
20%
Rushing Attempts 2016 263 Frank Gore
20%
Rushing Yards 2016 1025 Frank Gore
20%
Rushing Attempts 2017 261 Frank Gore
20%
Rushing Yards 2017 961 Frank Gore
20%
Total Tackles 2005 127 Gary Brackett
20%
Total Tackles 2007 116 Gary Brackett
20%
Rushing Attempts 2006 226 Joseph Addai
20%
Rushing Yards 2006 1081 Joseph Addai
20%
Rushing TDs 2006 7 Joseph Addai
20%
Rushing Attempts 2007 261 Joseph Addai
20%
Rushing Yards 2007 1072 Joseph Addai
20%
Rushing TDs 2007 12 Joseph Addai
20%
Rushing Attempts 2008 155 Joseph Addai
20%
Rushing Yards 2008 544 Joseph Addai
20%
Rushing Attempts 2009 219 Joseph Addai
20%
Rushing Yards 2009 828 Joseph Addai
20%
Rushing TDs 2009 10 Joseph Addai
20%
Sacks 2025 8.5 Laiatu Latu
20%
Interceptions 2014 5 Mike Adams
20%
Interceptions 2015 5 Mike Adams
20%
Total Tackles 2016 79 Mike Adams
20%
Receiving TDs 2011 6 Pierre Garcon
20%
Total Tackles 2001 114 Rob Morris
20%
Sacks 2023 9.5 Samson Ebukam
20%
Interceptions 2007 4 Tie
20%
Rushing Attempts 2012 211 Vick Ballard
20%
Rushing Yards 2012 814 Vick Ballard
20%
Sacks 2022 9.5 Yannick Ngakoue
20%
Receiving Yards 2019 607 Zach Pascal
20%
Rushing Attempts 2023 183 Zack Moss
20%
Rushing Yards 2023 794 Zack Moss
20%
Interceptions 2010 2 3-Way Tie
10%
Total Tackles 2019 124 Anthony Walker
10%
Total Tackles 2021 132 Bobby Okereke
10%
Rushing TDs 2002 8 James Mungro
10%
Total Tackles 2012 145 Jerrell Freeman
10%
Total Tackles 2013 126 Jerrell Freeman
10%
Sacks 2014 6.5 Jonathan Newsome
10%
Total Tackles 2000 160 Mike Peterson
10%
Total Tackles 2002 137 Mike Peterson
10%
Interceptions 2002 3 Mike Peterson
10%
Interceptions 2003 4 Nick Harper
10%
Receptions 2020 63 Nyheim Hines
10%
Total Tackles 2011 148 Pat Angerer
10%
Rushing TDs 2016 7 Robert Turbin
10%
Interceptions 2001 3 Tie
10%
Interceptions 2006 3 Tie
10%
Receiving TDs 2014 8 Tie
10%
Total Tackles 2017 109 Antonio Morrison
0%
Total Tackles 2004 110 Cato June
0%
Interceptions 2005 5 Cato June
0%
Total Tackles 2006 142 Cato June
0%
Sacks 2000 7.5 Chad Bratzke
0%
Sacks 2001 8.5 Chad Bratzke
0%
Total Tackles 2009 102 Clint Session
0%
Interceptions 2012 4 Darius Butler
0%
Interceptions 2013 4 Darius Butler
0%
Interceptions 2016 3 Darius Butler
0%
Total Tackles 2003 145 David Thornton
0%
Sacks 2018 9 Denico Autry
0%
Sacks 2016 11 Erik Walden
0%
Total Tackles 2008 105 Freddy Keiaho
0%
Sacks 2017 5.5 Jabaal Sheard
0%
Interceptions 2004 4 Jason David
0%
Interceptions 2000 4 Jeff Burris
0%
Sacks 2019 11 Justin Houston
0%
Interceptions 2008 4 Melvin Bullitt
0%
Interceptions 2011 2 Tie
0%
Interceptions 2017 3 Tie
0%
No matching quizzes found
Score Distribution
Percent of People with Each Score
Percentile by Number Answered
Your Score History
You have not taken this quiz